<?xml version="1.0" encoding="UTF-8"?>
<record
    xmlns:xsi="http://www.w3.org/2001/XMLSchema-instance"
    xsi:schemaLocation="http://www.loc.gov/MARC21/slim http://www.loc.gov/standards/marcxml/schema/MARC21slim.xsd"
    xmlns="http://www.loc.gov/MARC21/slim">

  <leader>00278nam a2200121Ia 4500</leader>
  <controlfield tag="008">191201s2018    xx            000 0 und d</controlfield>
  <datafield tag="100" ind1=" " ind2=" ">
    <subfield code="a">MISHRA,MN</subfield>
  </datafield>
  <datafield tag="245" ind1=" " ind2="0">
    <subfield code="a">Insurance Principles and Practices</subfield>
  </datafield>
  <datafield tag="260" ind1=" " ind2=" ">
    <subfield code="b">S.Chand</subfield>
    <subfield code="c">2018</subfield>
  </datafield>
  <datafield tag="300" ind1=" " ind2=" ">
    <subfield code="a">1007</subfield>
  </datafield>
  <datafield tag="650" ind1=" " ind2=" ">
    <subfield code="a">BBA</subfield>
  </datafield>
  <datafield tag="942" ind1=" " ind2=" ">
    <subfield code="2">ddc</subfield>
    <subfield code="c">BK</subfield>
  </datafield>
  <datafield tag="999" ind1=" " ind2=" ">
    <subfield code="c">6982</subfield>
    <subfield code="d">6982</subfield>
  </datafield>
  <datafield tag="952" ind1=" " ind2=" ">
    <subfield code="0">0</subfield>
    <subfield code="1">0</subfield>
    <subfield code="2">ddc</subfield>
    <subfield code="4">0</subfield>
    <subfield code="7">0</subfield>
    <subfield code="8">BBA</subfield>
    <subfield code="a">PIET</subfield>
    <subfield code="b">PIET</subfield>
    <subfield code="d">2020-07-21</subfield>
    <subfield code="e">Kirti Prakashan</subfield>
    <subfield code="g">475.00</subfield>
    <subfield code="k">IN 3914</subfield>
    <subfield code="l">0</subfield>
    <subfield code="o">368.32 MII</subfield>
    <subfield code="p">31025</subfield>
    <subfield code="r">2019-12-04 00:00:00</subfield>
    <subfield code="v">342.00</subfield>
    <subfield code="w">2019-05-18</subfield>
    <subfield code="y">BK</subfield>
  </datafield>
  <datafield tag="952" ind1=" " ind2=" ">
    <subfield code="0">0</subfield>
    <subfield code="1">0</subfield>
    <subfield code="2">ddc</subfield>
    <subfield code="4">0</subfield>
    <subfield code="7">0</subfield>
    <subfield code="8">BBA</subfield>
    <subfield code="a">PIET</subfield>
    <subfield code="b">PIET</subfield>
    <subfield code="d">2020-07-21</subfield>
    <subfield code="e">Kirti Prakashan</subfield>
    <subfield code="g">475.00</subfield>
    <subfield code="k">IN 3914</subfield>
    <subfield code="l">0</subfield>
    <subfield code="o">368.32 MII</subfield>
    <subfield code="p">31026</subfield>
    <subfield code="r">2019-12-04 00:00:00</subfield>
    <subfield code="v">342.00</subfield>
    <subfield code="w">2019-05-18</subfield>
    <subfield code="y">BK</subfield>
  </datafield>
  <datafield tag="952" ind1=" " ind2=" ">
    <subfield code="0">0</subfield>
    <subfield code="1">0</subfield>
    <subfield code="2">ddc</subfield>
    <subfield code="4">0</subfield>
    <subfield code="7">0</subfield>
    <subfield code="8">BBA</subfield>
    <subfield code="a">PIET</subfield>
    <subfield code="b">PIET</subfield>
    <subfield code="d">2020-07-21</subfield>
    <subfield code="e">Kirti Prakashan</subfield>
    <subfield code="g">475.00</subfield>
    <subfield code="k">IN 3914</subfield>
    <subfield code="l">0</subfield>
    <subfield code="o">368.32 MII</subfield>
    <subfield code="p">31027</subfield>
    <subfield code="r">2019-12-04 00:00:00</subfield>
    <subfield code="v">342.00</subfield>
    <subfield code="w">2019-05-18</subfield>
    <subfield code="y">BK</subfield>
  </datafield>
  <datafield tag="952" ind1=" " ind2=" ">
    <subfield code="0">0</subfield>
    <subfield code="1">0</subfield>
    <subfield code="2">ddc</subfield>
    <subfield code="4">0</subfield>
    <subfield code="7">0</subfield>
    <subfield code="8">BBA</subfield>
    <subfield code="a">PIET</subfield>
    <subfield code="b">PIET</subfield>
    <subfield code="d">2020-07-21</subfield>
    <subfield code="e">Kirti Prakashan</subfield>
    <subfield code="g">475.00</subfield>
    <subfield code="k">IN 3914</subfield>
    <subfield code="l">1</subfield>
    <subfield code="o">368.32 MII</subfield>
    <subfield code="p">31028</subfield>
    <subfield code="r">2025-02-08 00:00:00</subfield>
    <subfield code="s">2024-01-13</subfield>
    <subfield code="v">342.00</subfield>
    <subfield code="w">2019-05-18</subfield>
    <subfield code="y">BK</subfield>
  </datafield>
  <datafield tag="952" ind1=" " ind2=" ">
    <subfield code="0">0</subfield>
    <subfield code="1">0</subfield>
    <subfield code="2">ddc</subfield>
    <subfield code="4">0</subfield>
    <subfield code="7">0</subfield>
    <subfield code="8">BBA</subfield>
    <subfield code="a">PIET</subfield>
    <subfield code="b">PIET</subfield>
    <subfield code="d">2020-07-21</subfield>
    <subfield code="e">Kirti Prakashan</subfield>
    <subfield code="g">475.00</subfield>
    <subfield code="k">IN 3914</subfield>
    <subfield code="l">0</subfield>
    <subfield code="o">368.32 MII</subfield>
    <subfield code="p">31029</subfield>
    <subfield code="r">2019-12-04 00:00:00</subfield>
    <subfield code="v">342.00</subfield>
    <subfield code="w">2019-05-18</subfield>
    <subfield code="y">BK</subfield>
  </datafield>
</record>
